00546nam a2200193 a 450000100060000000300080000600500170001400800410003103500190007204000260009104100080011708200240012510000200014924500580016926000480022730000250027550400370030065000150033740803BD-RjUL20211209053300.0160510s1960 nyu b 001 0 eng  a(BD-RjUL)40918 bengaBD-RjULcBD-RjUL aeng00a321.8223bMAI 19601 aMayo, B. Henry.03aAn introduction to democratic theory /cHenry B. Mayo aNew York :bOxford University Press,c1960. avi, 316 p. :c21 cm. aIncludes bibliography and index. 0aDemocracy.